000 00549nam a2200205Ia 4500
003 OSt
005 20230502144706.0
008 210423s2011 xx 000 0 und d
020 _a9780415610322
040 _cAL
041 _aeng
082 _a302.23
_223
_bBATS
100 _aBATABYAL (Somanath);others.
_996132
245 _aIndian mass media and the politics of change.
260 _aNew York
_bRoutledge
_c2011
300 _axiv,230
_bPB
365 _b795
_cINR
906 _achange. ; Indian ; mass ; media ; politics
942 _2ddc
_cBK
999 _c161476
_d161476